|
|
|
|
| LEADER |
01114nam a2200265 a 4500 |
| 001 |
15446655 |
| 008 |
130714s2008 ii 000 0 eng d |
| 010 |
|
|
|a 2008325213
|
| 020 |
|
|
|a 978171887033
|
| 020 |
|
|
|a 8171887031
|
| 040 |
|
|
|a DLC
|c DLC
|d DLC
|d BD-DhAAL.
|
| 082 |
0 |
0 |
|a 351.02854678
|2 22
|
| 245 |
0 |
0 |
|a Infrastructure & governance /
|c editors, Sameer Kochhar ... [et al.].
|
| 260 |
|
|
|a New Delhi :
|b Academic Foundation in association with Skoch Consultancy Services,
|c 2008.
|
| 300 |
|
|
|a 166 p. ;
|c 24 cm.
|
| 541 |
|
|
|e 00027232
|
| 650 |
|
0 |
|a Infrastructure (Economics)
|z India
|v Congresses.
|
| 650 |
|
0 |
|a Internet in public administration
|z India
|v Congresses.
|
| 650 |
|
0 |
|a Local government
|x Information technology
|z India
|v Congresses.
|
| 651 |
|
0 |
|a Economic policy
|z India
|y 1991-
|v Congresses.
|
| 700 |
1 |
|
|a Kochhar, Sameer.
|
| 710 |
2 |
|
|a Skoch Consultancy Services.
|
| 852 |
1 |
|
|a Ayesha Abed Library
|j General shelf.
|
| 999 |
|
|
|c 13687
|d 13687
|
| 952 |
|
|
|0 0
|1 0
|2 ddc
|4 0
|6 351_028546780000000_INF
|7 0
|9 22923
|a IGS
|b IGS
|c GEN
|d 2013-07-19
|e Riza Enterprise
|g 1077.00
|l 0
|o 351.02854678 INF
|p 3010027232
|r 2013-07-19
|t 1
|w 2013-07-19
|y BK
|